Logo BPK

Biblioteka

Politechniki Koszalińskiej

Efekty biologicznej rekultywacji byłego złoża kruszywa budowlanego "Dobroszów Wielki" w województwie lubuskim : (Rekord nr 42633)

Szczegóły MARC
000 -ETYKIETA REKORDU
podpole kontrolne o stałej długości 01192nam a2200289 i 4500
001 - NUMER KONTROLNY REKORDU
pole kontrolne bg
020 ## - MIĘDZYNARODOWY ZNORMALIZOWANY NUMER KSIĄŻKI - ISBN
ISBN 8389044803
040 ## - ŹRÓDŁO KATALOGOWANIA
Instytucja, która utworzyła rekord BPK
041 0# - KOD JĘZYKA
Kod języka tekstu pol
Kod języka streszczenia lub abstraktu eng
080 ## - UNIWERSALNA KLASYFIKACJA DZIESIĘTNA - UKD
UKD 631.4:622.83/.84:622.36](438)"1980/..."
920 ## - Międzynarodowy znormalizowany numer książki – ISBN
ISBN 83-89044-80-3
008 - POLE O STAŁEJ DŁUGOŚCI - DANE KONTROLNE
podpole kontrolne o stałej długości s pl f |000 0 pol
100 1# - NAZWA OSOBOWA
Nazwa osobowa DRAB, Michał
245 10 - TYTUŁ/ODPOWIEDZIALNOŚĆ
Tytuł Efekty biologicznej rekultywacji byłego złoża kruszywa budowlanego "Dobroszów Wielki" w województwie lubuskim :
Ciąg dalszy tytułu monografia /
Pozostałe elementy strefy tytułu i oznaczenia odpowiedzialności Michał Drab ; Uniwersytet Zielonogórski. Szkoła Nauk Technicznych.
260 ## - STREFA ADRESU WYDAWNICZEGO
Miejsce wydania Zielona Góra :
Nazwa wydawcy/dystrybutora Redakcja Wydawnictw Naukowo-Technicznych,
Data publikacji, dystrybucji/powstania dokumentu 2002.
300 ## - STREFA OPISU FIZYCZNEGO
Objętość 112 s. :
Inne cechy fizyczne il., mapy ;
Rozmiary 24 cm.
500 ## - UWAGI OGÓLNE
Tekst uwagi Streszcz. ang.
504 ## - UWAGA DOTYCZĄCA BIBLIOGRAFII
Informacje o bibliografii Bibliogr.
650 #9 - HASŁO PRZEDMIOTOWE W FORMIE NAZWY OGÓLNEJ LUB JEDNOSTKOWEJ
Nazwa ogólna lub geograficzna Gleba
Określnik ogólny badanie
650 #9 - HASŁO PRZEDMIOTOWE W FORMIE NAZWY OGÓLNEJ LUB JEDNOSTKOWEJ
Nazwa ogólna lub geograficzna Kruszywo
Określnik ogólny górnictwo
-- wpływ na środowisko
Określnik geograficzny Polska
Określnik chronologiczny od 1980 r.
650 #9 - HASŁO PRZEDMIOTOWE W FORMIE NAZWY OGÓLNEJ LUB JEDNOSTKOWEJ
Nazwa ogólna lub geograficzna Rekultywacja gruntów
Określnik geograficzny Polska
Określnik chronologiczny od 1980 r.
650 #9 - HASŁO PRZEDMIOTOWE W FORMIE NAZWY OGÓLNEJ LUB JEDNOSTKOWEJ
Nazwa ogólna lub geograficzna Rośliny uprawne
Określnik ogólny stosowanie
-- doświadczalnictwo
650 #9 - HASŁO PRZEDMIOTOWE W FORMIE NAZWY OGÓLNEJ LUB JEDNOSTKOWEJ
Nazwa ogólna lub geograficzna Szkody górnicze
Określnik ogólny zapobieganie i zwalczanie
Określnik geograficzny Polska
Określnik chronologiczny od 1980 r.
651 #9 - HASŁO PRZEDMIOTOWE W FORMIE NAZWY GEOGRAFICZNEJ
Nazwa geograficzna Popowice (woj. lubuskie ; okręg)
Określnik ogólny środowisko
Określnik chronologiczny od 1980 r.
710 #0 - HASŁO DODATKOWE - NAZWA CIAŁA ZBIOROWEGO
Nazwa ciała zbiorowego lub jednostki geograficznej Uniwersytet Zielonogórski
Nazwa jednostki podrzędnej Szkoła Nauk Technicznych
856 ## - LOKALIZACJA I DOSTĘP DO ELEKTRONICZNYCH DOKUMENTÓW ZDALNYCH
Link (URL) http://koha.tu.koszalin.pl/cgi-bin/koha/opac-detail.pl?biblionumber=42633
Tekst linku Katalog online BPK
942 ## - DODATKOWE ELEMENTY (KOHA)
Typ dokumentu Książka
Egzemplarze
Wycofany Status egzemplarza Uszkodzony Dostępność Lokalizacja stała Lokalizacja bieżąca Miejsce przechowywania Sygnatura Kod kreskowy Typ dokumentu
      Dostępny Biblioteka Politechniki Koszalińskiej Biblioteka Politechniki Koszalińskiej Wypożyczalnia BG 67024 01919110 Książka
© 2023 Biblioteka Politechniki Koszalińskiej :: KOHA